Inflation et croissance en France depuis 1962

Gespeichert in:
Bibliographische Detailangaben
1. Verfasser: Cotta, Alain
Format: Buch
Sprache:Undetermined
Veröffentlicht: Paris Presses universitaires de France 1974
Schlagworte:
Tags: Tag hinzufügen
Keine Tags, Fügen Sie den ersten Tag hinzu!
Thư viện lưu trữ: Trung tâm Học liệu Trường Đại học Cần Thơ
LEADER 00494nam a2200181Ia 4500
001 CTU_82099
008 210402s9999 xx 000 0 und d
082 |a 332.4 
082 |b C846 
100 |a Cotta, Alain 
245 0 |a Inflation et croissance en France depuis 1962 
245 0 |c Alain Cotta 
260 |a Paris 
260 |b Presses universitaires de France 
260 |c 1974 
650 |a Inflation 
904 |i Trọng Hải 
980 |a Trung tâm Học liệu Trường Đại học Cần Thơ